000 00343nam a22001577a 4500
003 SGT
020 _a81-7179-721-0
082 _a610.6
_bN04F
100 _aFRANCIS, CM
245 _aHOSPITAL ADMINISTRATION
250 _a3RD
260 _aINDIA
_bJAYPEE
_c2004
300 _a381
650 _aHOSPITAL ADMINISTRATION
942 _2ddc
_cBK
_05
999 _c10549
_d10549